| 000 | 02049 a2200265 4500 | ||
|---|---|---|---|
| 003 | Nust | ||
| 005 | 20230113155859.0 | ||
| 010 | _a 80022877 | ||
| 020 | _a0574213058 : | ||
| 040 | _cNust | ||
| 082 | 0 | 0 | _a651.8,DOC |
| 100 | 1 |
_aDock, V. Thomas. _9106809 |
|
| 245 | 1 | 0 |
_aPrinciples of business data processing with MIS ... including BASIC / _cV. Thomas Dock, Edward L. Essick. |
| 250 | _a4th ed. | ||
| 260 |
_aChicago : _bScience Research Associates, _cc1981. |
||
| 300 |
_axvii, 617 p. : _bill. ; _c25 cm. |
||
| 500 | _aIncludes index. | ||
| 500 | _aThird ed. published in 1978 under title: Principles of business data processing, with BASIC. | ||
| 505 | _aSome Fundamentals of Data Processing (Page-1), Introduction to Data Processing (Page-3), Data Processing Applications (Page-17), System Analysis and Design (Page-45), Computer Systems (Page-57), Introduction to Computer Systems (Page-59), Computer Concepts (Page-73), Basic Input and Output Devices (Page-101), Magnetic Tape Input and Output (Page-119), Mass Storage Devices (Page-145), A Special Purpose Input and Output Devices (Page-165), Computer Systems (Page-201), Computer Programming and Design (Page-225), program Flowcharting (Page-227), The Programming Cycle (Page-249), Top down Program Design and Structured Programming (Page-267), An Overview of Programming Languages (Page-279), An Overview of Systems (Page-313), Overlapped Systems (Page-315), Introduction to Operating Systems (Page-329), Introduction to Data Communications (Page-347), Management Information Systems (Page-363), Management Information Systems (Page-363), Management Information Systems (Page-365), Management Information Systems Applications (Page-385), Data Processing Management and the Computer Industry (Page-415), The organization and the Data Processing Department (Page-415). | ||
| 650 | 0 |
_aBASIC (Computer program language) _9783 |
|
| 650 | 0 |
_aBusiness _xData processing. _93217 |
|
| 650 | 0 | _aManagement information systems. | |
| 700 | 1 |
_aEssick, Edward L., _9106810 |
|
| 942 |
_2ddc _cBK |
||
| 999 |
_c185034 _d185034 |
||